000 01031cam a2200241 i 4500
003 SA-RiAUC
005 20250710153534.0
008 250710q19001999le g 0000p ara c
040 _aSA-JeALM
_bara
_cSA-RiAUC
_erda
082 0 4 _a811.9531
_qSA-RiAUC
090 _a811.9531
_bخ و ج
100 1 _aخوجة، عبد العزيز محيي الدين عبد الله،
_d1361 هجري-
_eمؤلف.
245 1 0 _aعذاب البوح :
_bشعر /
_cعبد العزيز محيي الدين خوجة.
264 1 _aبيروت :
_bدار لسان العرب،
_c[بين 1900 و1999]
300 _a128 صفحة ؛
_c20 سم
336 _aنص
_btxt
_2rdacontent
_3كتاب
337 _aبدون وسيط
_bn
_2rdamedia
338 _aمجلد
_bnc
_2rdacarrier
500 _aاهداء من المؤلف عبدالعزيز محي الدين خوجة الى الشيخ رحمه الله
650 7 _aالشعر العربي
_zالسعودية
_yقرن 14 هجري
_2aucsh
942 _2ddc
_cBOOK
_n0
949 _aSA-JeALM
_d250710
_uosman123
_n1
999 _c9764
_d9764